Dzielnica Krakowa czy Poznania? - klikanie - Statystyki

Ogólne statystyki
  • Ten quiz został rozwiązany 106 razy
  • Średni wynik to 23 z 24
Statystyki odpowiedzi
Hint Odpowiedź % Poprawnych
Nowa Huta Kraków
100%
Prądnik Biały Kraków
100%
Podgórze Duchackie Kraków
98%
Krowodrza Kraków
98%
Wilda Poznań
98%
Jeżyce Poznań
98%
Bronowice Kraków
97%
Wzgórza Krzesławickie Kraków
97%
Bieńczyce Kraków
97%
Rataje Poznań
97%
Ławica Poznań
97%
Św. Łazarz Poznań
96%
Żegrze Poznań
96%
Winiary Poznań
96%
Swoszowice Kraków
95%
Piątkowo Poznań
95%
Chartowo Poznań
95%
Górczyn Poznań
95%
Zwierzyniec Kraków
94%
Dębniki Kraków
94%
Mistrzejowice Kraków
93%
Czyżyny Kraków
92%
Kiekrz Poznań
89%
Świerczewo Poznań
88%
Nie znaleziono quizów pasujących do podanych kryteriów
Rozkład punktacji
Procent ludzi z każdym wynikiem
Percentyl według liczby udzielonych odpowiedzi
Twoja historia wyników
Nie rozwiązałeś tego quizu